000 00953nam a22003137a 4500
003 CHAP
005 20240731134150.0
008 971013s1982 r 00010 d
010 _a52763
011 _a53735
035 _a57885
040 _cCHAP
082 _a664.8
_bR68
100 1 0 _aRose, Anthony H.
_9100071
245 _aFermented foods
260 _aLondon :
_bAcademic Press,
_c1982
300 _a337 p.
_b: ilus. ; gráfs.
490 _aEconomic microbiology
_v; 7
590 _aBATCH-UPD
_b10
_c20130110
_lUCH01
_h0537
590 _aBATCH-UPD
_b10
_c20130410
_lUCH01
_h0217
590 _aBATCH-UPD
_b10
_c20130914
_lUCH01
_h0140
590 _aCONVERSION
_b10
_c20130109
_lUCH01
_h1329
650 1 4 _aAlimentos
_xBacteriología.
_94171
650 1 4 _aFermentación.
_940083
830 0 _aEconomic microbiology
_v; 7
_935207
901 _aBK
942 _cLIBRO
949 _a664.8 R68
_bBC
_cLIBRO
_d33724000100608
_eLIBRO
_gI. 126615
_h65814
_i57885
_si
999 _c52763
_d52763